ロード中...
Explorations in modern Bengal, c. 1800-1900: essays on religion, history, and culture/
| LEADER | 01143cam a22002174a 4500 | ||
|---|---|---|---|
| 020 | |a 9788190891868 | ||
| 082 | 0 | 4 | |a 954.140 35 |b Q0 |
| 100 | 1 | |a Amiya P. Sen. |9 8812 | |
| 245 | 1 | 0 | |a Explorations in modern Bengal, c. 1800-1900: |b essays on religion, history, and culture/ |c Amiya P. Sen. |
| 246 | 3 | 0 | |a Modern Bengal, c. 1800-1900 |
| 260 | |a Delhi: |b Primus Books, |c 2010. | ||
| 300 | |a x, 256 p. | ||
| 504 | |a Includes bibliographical references (p. [233]-243) and index. | ||
| 650 | 0 | |a Hindu monastic and religious life (India)-Bengal |9 8813 | |
| 650 | 0 | |a Bengal (India)-History-19th century |9 8814 | |
| 650 | 0 | |a Bengal (India)-Religion |9 8815 | |
| 650 | 0 | |a Bhagavadgita-Criticism,interpretation etc |9 8816 | |
| 856 | |u http://books.google.co.in/books?id=OacKxYHmVVgC&pg=PA2&lpg=PA2&dq=explorations+in+modern+bengal&source=bl&ots=M7sfUMrsGs&sig=X4a5ZFC1tghhpz1ZNHEW6qTNw7c&hl=en&sa=X&ei=rvi0U72rI4OcugT-l4LwBA&ved=0CCoQ6AEwAg#v=onepage&q=explorations%20in%20modern%20bengal&f=false | ||
| 942 | |c BK | ||
| 999 | |c 61052 |d 61052 | ||
| 952 | |0 0 |1 0 |4 0 |6 954_140000000000000_35_Q0 |7 0 |9 52833 |a MGUL |b MGUL |c GEN |d 2013-10-05 |e Rs.750.00 |l 0 |o 954.140 35 Q0 |p 49906 |r 2014-01-07 |y BK | ||